<?xml version="1.0" encoding="UTF-8"?>
<record
    xmlns:xsi="http://www.w3.org/2001/XMLSchema-instance"
    xsi:schemaLocation="http://www.loc.gov/MARC21/slim http://www.loc.gov/standards/marcxml/schema/MARC21slim.xsd"
    xmlns="http://www.loc.gov/MARC21/slim">

  <leader>05898nab a22010457  4500</leader>
  <controlfield tag="003">AR-RoUNA</controlfield>
  <datafield tag="022" ind1=" " ind2=" ">
    <subfield code="a">0327-9022</subfield>
  </datafield>
  <datafield tag="040" ind1=" " ind2=" ">
    <subfield code="a">AR-RoUNA</subfield>
    <subfield code="b">spa</subfield>
  </datafield>
  <datafield tag="041" ind1=" " ind2=" ">
    <subfield code="a">spa</subfield>
  </datafield>
  <datafield tag="044" ind1=" " ind2=" ">
    <subfield code="a">ag</subfield>
  </datafield>
  <datafield tag="245" ind1=" " ind2=" ">
    <subfield code="a">Summa+</subfield>
  </datafield>
  <datafield tag="260" ind1=" " ind2=" ">
    <subfield code="a">Buenos Aires (Argentina):</subfield>
    <subfield code="c">Donn SA,</subfield>
    <subfield code="b">1993.</subfield>
  </datafield>
  <datafield tag="300" ind1=" " ind2=" ">
    <subfield code="a">144 p. :</subfield>
    <subfield code="b">il. byn.</subfield>
    <subfield code="b">planos</subfield>
    <subfield code="c">34X25 cm.</subfield>
  </datafield>
  <datafield tag="505" ind1="0" ind2=" ">
    <subfield code="t">INDICE</subfield>
  </datafield>
  <datafield tag="505" ind1="0" ind2=" ">
    <subfield code="t">ARGENTINA / EDIFICIOS RELIGIOSOS</subfield>
  </datafield>
  <datafield tag="505" ind1="0" ind2=" ">
    <subfield code="a">Alfonso Corona Mart&#xED;nez / Remanso Interior. p.50</subfield>
  </datafield>
  <datafield tag="505" ind1="0" ind2=" ">
    <subfield code="a">Urgell-Penedo-Urgekk (Urgell-Penedo-Urgell-Lynch-Pierantoni) / Templo y sede soial para la comunidad Amijai, Buenos Aires. p.50</subfield>
  </datafield>
  <datafield tag="505" ind1="0" ind2=" ">
    <subfield code="t">GEOMETRIA VARIABLE</subfield>
  </datafield>
  <datafield tag="505" ind1="0" ind2=" ">
    <subfield code="a">Daniel Bonilla / Capilla Porci&#xFA;ncula de la Milagrosa, La Calera, Bogot&#xE1;, Colombia. p.58</subfield>
  </datafield>
  <datafield tag="505" ind1="0" ind2=" ">
    <subfield code="t">ESPACIO PARA EL RECONOCIMIENTO</subfield>
  </datafield>
  <datafield tag="505" ind1="0" ind2=" ">
    <subfield code="a">57Studio / Maurizio Angelini A, Sebasti&#xE1;n Espinoza C, Benjam&#xED;n Oportiot F / Capilla del Monte, Octava regi&#xF3;n, Chile. p.62</subfield>
  </datafield>
  <datafield tag="505" ind1="0" ind2=" ">
    <subfield code="t">REPORTAJE</subfield>
  </datafield>
  <datafield tag="505" ind1="0" ind2=" ">
    <subfield code="a">Florencia Rodriguez / Fenomenolog&#xED;a de mundo material. p. 66</subfield>
  </datafield>
  <datafield tag="505" ind1="0" ind2=" ">
    <subfield code="a">Mathias Sauerbruch, Louisa Hutton / Edificio de oficinas para GSW (Gemeinn&#xFB;tzige Siedlungs-Und Wohnungsbaugesellschaft), Berl&#xED;n, Alemania. p. 74</subfield>
  </datafield>
  <datafield tag="505" ind1="0" ind2=" ">
    <subfield code="a">Matthias Sauerbruch, Louisa Hutton, Jens Ludloff / Municipio con salas de oficinas y de asambleas, Hennigsdorf, Alemania. p. 80</subfield>
  </datafield>
  <datafield tag="505" ind1="0" ind2=" ">
    <subfield code="a">Matthias Sauerbruch, Louisa Hutton, Jens Ludloff / Laboratorios de investigaci&#xF3;n farmacol&#xF3;gica, Biberach, Alemania. p. 84</subfield>
  </datafield>
  <datafield tag="505" ind1="0" ind2=" ">
    <subfield code="t">TEXTOS - TRATADOS, LIBROS Y REVISTAS</subfield>
  </datafield>
  <datafield tag="505" ind1="0" ind2=" ">
    <subfield code="a">Carlos Gustavo Gim&#xE9;nez / Los arquitectos y la exposici&#xF3;n de su trabajo profesional. p. 90</subfield>
  </datafield>
  <datafield tag="505" ind1="0" ind2=" ">
    <subfield code="t">MARCA REGISTRADA / TIEMPOS DE MODA</subfield>
  </datafield>
  <datafield tag="505" ind1="0" ind2=" ">
    <subfield code="a">Trist&#xE1;n Dieguez, Axel Fridman / Local Emme, Palermo, Buenos Aires, 2004. p. 92</subfield>
  </datafield>
  <datafield tag="505" ind1="0" ind2=" ">
    <subfield code="a">Diego Trivelloni, Marcelo Cant&#xF3;n / Local Ayres, Shopping Unicenter, Mart&#xED;nez, Buenos Aires, 2004. p. 96</subfield>
  </datafield>
  <datafield tag="505" ind1="0" ind2=" ">
    <subfield code="a">Diego Trivelloni, Marcelo Cant&#xF3;n / Local Tucci, Shopping Unicenter, Mart&#xED;nez, Buenos Aires, 2004. p. 98</subfield>
  </datafield>
  <datafield tag="505" ind1="0" ind2=" ">
    <subfield code="a">Kurt Handlbauer / Un panal cristalino. p.100</subfield>
  </datafield>
  <datafield tag="505" ind1="0" ind2=" ">
    <subfield code="a">Herzog &amp; De Meuron / Tienda insignia de Prada, Tokio, Jap&#xF3;n, 2003. p. 100</subfield>
  </datafield>
  <datafield tag="505" ind1="0" ind2=" ">
    <subfield code="a">Kurt Handlbauer / Envolvente Inmaterial. p. 101</subfield>
  </datafield>
  <datafield tag="505" ind1="0" ind2=" ">
    <subfield code="a">Jun Aoki &amp; Associates / Lois Vuitton Omotesand Building, Tokio, Jap&#xF3;n, 2003. p.101</subfield>
  </datafield>
  <datafield tag="505" ind1="0" ind2=" ">
    <subfield code="t">ABSTRACCION LITERAL</subfield>
  </datafield>
  <datafield tag="505" ind1="0" ind2=" ">
    <subfield code="a">Toyo Ito &amp; Associates / Tod&#xB4; S Omotesando, Tokio, Jap&#xF3;n, 2004. p. 104</subfield>
  </datafield>
  <datafield tag="505" ind1="0" ind2=" ">
    <subfield code="t">ITALIANOS EN LA ARGENTINA</subfield>
  </datafield>
  <datafield tag="505" ind1="0" ind2=" ">
    <subfield code="a">Ramon Guti&#xE9;rrez y Patricia M&#xE9;ndez / Su aporte a nuestra arquitectura. p. 108</subfield>
  </datafield>
  <datafield tag="505" ind1="0" ind2=" ">
    <subfield code="a">Pedro Fossati / Palacio San Jos&#xE9;, Entre R&#xED;os, Argentina, 1858. p. 109</subfield>
  </datafield>
  <datafield tag="505" ind1="0" ind2=" ">
    <subfield code="a">Juan Bautista Arnaldi / Colegio para el pueblo de Coronda, Santa Fe, Argentina, 1884. p. 109</subfield>
  </datafield>
  <datafield tag="505" ind1="0" ind2=" ">
    <subfield code="a">Pedro y Miguel Fortini / Edificios de viviendas con locales comerciales en planta baja, Buenos Aires. p. 111</subfield>
  </datafield>
  <datafield tag="505" ind1="0" ind2=" ">
    <subfield code="a">Francisco Tamburini / Ensanches en la Casa de Gobierno, Buenos Aires, 1883. p. 113</subfield>
  </datafield>
  <datafield tag="505" ind1="0" ind2=" ">
    <subfield code="a">Francisco Tamburini / Proyecto para el Teatro Col&#xF3;n, 1889. p. 113</subfield>
  </datafield>
  <datafield tag="505" ind1="0" ind2=" ">
    <subfield code="a">Francisco Tamburini / Proyecto para el Congreso Nacional de Buenos Aires, 1883. p. 113</subfield>
  </datafield>
  <datafield tag="505" ind1="0" ind2=" ">
    <subfield code="a">V&#xED;ctor Meano / Teatro Col&#xF3;n, Buenos Aires, Argentina, 1922. p. 114</subfield>
  </datafield>
  <datafield tag="505" ind1="0" ind2=" ">
    <subfield code="a">Francisco Gianotti / Casa del Arquitecto, Avenida del Libertador 5280, Buenos Aires, Argnetia, 1929. p. 117</subfield>
  </datafield>
  <datafield tag="505" ind1="0" ind2=" ">
    <subfield code="a">Mario Palanti / Castillo para Sebasti&#xE1;n Vasena, San Isidro , Argentina, 1913. p. 117</subfield>
  </datafield>
  <datafield tag="505" ind1="0" ind2=" ">
    <subfield code="t">TEXTOS</subfield>
  </datafield>
  <datafield tag="505" ind1="0" ind2=" ">
    <subfield code="a">Horacio J. Spinetto / Dos bazares porte&#xF1;os. p. 118</subfield>
  </datafield>
  <datafield tag="505" ind1="0" ind2=" ">
    <subfield code="t">OBRAS MINIMAS</subfield>
  </datafield>
  <datafield tag="505" ind1="0" ind2=" ">
    <subfield code="a">Cayetana Merc&#xE9; / Lo reducido en escala. p. 122</subfield>
  </datafield>
  <datafield tag="505" ind1="0" ind2=" ">
    <subfield code="a">Gerardo Caballero, Ariel Jim&#xE9;nez / Lucernario Kaplan, Rosario, Santa Fe, Argentina, 1992. p.122</subfield>
  </datafield>
  <datafield tag="505" ind1="0" ind2=" ">
    <subfield code="a">Gerardo Caballero, Maite Fern&#xE1;ndez, Gerardo Bordi / Cochera Gagliano, Totoras, Santa Fe, Argentina, 2003. p.124</subfield>
  </datafield>
  <datafield tag="505" ind1="0" ind2=" ">
    <subfield code="a">Gerardo Caballero, Maite Fern&#xE1;ndez, Gerardo Bordi / Galer&#xED;a Ostera - Cava, Rosario, Santa Fe, Argentina, 2002. p.125</subfield>
  </datafield>
  <datafield tag="505" ind1="0" ind2=" ">
    <subfield code="a">Ana Rascovsky / Ba&#xF1;o Hiawatha, Tigre, Buenos Aires, Argentina, 2003. p. 126</subfield>
  </datafield>
  <datafield tag="505" ind1="0" ind2=" ">
    <subfield code="a">Estudio M950, Lucas Gilardi, P&#xED;o Torroja, Gustavo Di&#xE9;guez, Mauricio Corbal&#xE1;n / Casa Glatsman, Buenos Aires, Argentina, 2002. p. 128</subfield>
  </datafield>
  <datafield tag="505" ind1="0" ind2=" ">
    <subfield code="a">Claudio Vekstein / Acceso al museo de escultura comparada Ernesto de la C&#xE1;rcova, Puerto Madero, Buenos Aires, 2002. p. 130</subfield>
  </datafield>
  <datafield tag="505" ind1="0" ind2=" ">
    <subfield code="a">Colin Billings / C&#xE1;rcova In-Tacto. p. 132</subfield>
  </datafield>
  <datafield tag="505" ind1="0" ind2=" ">
    <subfield code="t">FRAGMENTOS</subfield>
  </datafield>
  <datafield tag="505" ind1="0" ind2=" ">
    <subfield code="t">TUCUMAN CELEBRADA - UNIVERSITARIAS</subfield>
  </datafield>
  <datafield tag="505" ind1="0" ind2=" ">
    <subfield code="t">DISQUISICIONES</subfield>
    <subfield code="a">Rafael E. J. Iglesia / Las C&#xFA;pulas. p. 136</subfield>
  </datafield>
  <datafield tag="505" ind1="0" ind2=" ">
    <subfield code="t">TEXTURAS</subfield>
  </datafield>
  <datafield tag="505" ind1="0" ind2=" ">
    <subfield code="a">Roberto Fern&#xE1;ndez / El territorio como biblioteca. p.139</subfield>
  </datafield>
  <datafield tag="505" ind1="0" ind2=" ">
    <subfield code="t">REVELACIONES</subfield>
  </datafield>
  <datafield tag="505" ind1="0" ind2=" ">
    <subfield code="a">Horacio Caride &amp; Mario Sabugo / Lavalle, la calle de los cines. p.142</subfield>
  </datafield>
  <datafield tag="505" ind1="0" ind2=" ">
    <subfield code="t">POST-SCRIPTUM</subfield>
  </datafield>
  <datafield tag="505" ind1="0" ind2=" ">
    <subfield code="a">Ramon Guti&#xE9;rrez / Federico F. Ortiz (1929-2005). p.144</subfield>
  </datafield>
  <datafield tag="600" ind1=" " ind2="0">
    <subfield code="9">27261</subfield>
    <subfield code="a">Fossati, Pedro</subfield>
    <subfield code="d">1827-&#xBF;? 1893</subfield>
  </datafield>
  <datafield tag="600" ind1=" " ind2="0">
    <subfield code="9">27262</subfield>
    <subfield code="a">Fortini, Pedro</subfield>
  </datafield>
  <datafield tag="600" ind1=" " ind2="0">
    <subfield code="9">27263</subfield>
    <subfield code="a">Fortini, Miguel</subfield>
  </datafield>
  <datafield tag="600" ind1="1" ind2="0">
    <subfield code="a">Tamburini, Francisco</subfield>
    <subfield code="d">1846-1890</subfield>
    <subfield code="9">16169</subfield>
  </datafield>
  <datafield tag="600" ind1=" " ind2="0">
    <subfield code="9">16170</subfield>
    <subfield code="a">Arnaldi, Juan Bautista.</subfield>
  </datafield>
  <datafield tag="600" ind1=" " ind2="0">
    <subfield code="9">27264</subfield>
    <subfield code="a">Meano, V&#xED;ctor</subfield>
    <subfield code="d">1860-1904</subfield>
  </datafield>
  <datafield tag="600" ind1=" " ind2="0">
    <subfield code="a">Palanti, Mario, </subfield>
    <subfield code="d">1885-1979.</subfield>
    <subfield code="9">5229</subfield>
  </datafield>
  <datafield tag="600" ind1=" " ind2="0">
    <subfield code="9">3335</subfield>
    <subfield code="a">Gianotti, Francisco, </subfield>
    <subfield code="d">1881-1967.</subfield>
  </datafield>
  <datafield tag="600" ind1=" " ind2="0">
    <subfield code="9">1857</subfield>
    <subfield code="a">Caballero, Gerardo.</subfield>
  </datafield>
  <datafield tag="600" ind1=" " ind2="0">
    <subfield code="a">Jim&#xE9;nez, Ariel</subfield>
    <subfield code="9">27265</subfield>
  </datafield>
  <datafield tag="600" ind1="1" ind2="0">
    <subfield code="9">3856</subfield>
    <subfield code="a">Fernandez, Maite</subfield>
  </datafield>
  <datafield tag="610" ind1="2" ind2="0">
    <subfield code="9">27254</subfield>
    <subfield code="a">Sauerbruch Hutton Architects </subfield>
  </datafield>
  <datafield tag="650" ind1=" " ind2=" ">
    <subfield code="a">Arquitectura contempor&#xE1;nea</subfield>
  </datafield>
  <datafield tag="650" ind1=" " ind2=" ">
    <subfield code="a">Locales comerciales</subfield>
    <subfield code="9">7467</subfield>
  </datafield>
  <datafield tag="651" ind1=" " ind2="0">
    <subfield code="9">193</subfield>
    <subfield code="a">Buenos Aires (Argentina)</subfield>
  </datafield>
  <datafield tag="773" ind1="0" ind2=" ">
    <subfield code="a">Summa+</subfield>
    <subfield code="d">Buenos Aires, Argentina</subfield>
    <subfield code="g">N&#xBA;74 (agos-2005), p.144</subfield>
    <subfield code="x">0327-9022</subfield>
  </datafield>
  <datafield tag="908" ind1=" " ind2=" ">
    <subfield code="a">Imp</subfield>
  </datafield>
  <datafield tag="942" ind1=" " ind2=" ">
    <subfield code="2">udc</subfield>
    <subfield code="c">ART</subfield>
  </datafield>
  <datafield tag="945" ind1=" " ind2=" ">
    <subfield code="d">2022-07-08</subfield>
  </datafield>
  <datafield tag="980" ind1=" " ind2=" ">
    <subfield code="6">138</subfield>
    <subfield code="a">Carolina Rainero</subfield>
    <subfield code="8">5</subfield>
    <subfield code="g">Mar&#xED;a Machado</subfield>
  </datafield>
  <datafield tag="999" ind1=" " ind2=" ">
    <subfield code="c">12027</subfield>
    <subfield code="d">12027</subfield>
  </datafield>
  <datafield tag="952" ind1=" " ind2=" ">
    <subfield code="0">0</subfield>
    <subfield code="1">0</subfield>
    <subfield code="2">udc</subfield>
    <subfield code="4">0</subfield>
    <subfield code="7">0</subfield>
    <subfield code="a">AR-RoUNA</subfield>
    <subfield code="b">AR-RoUNA</subfield>
    <subfield code="d">2025-06-13</subfield>
    <subfield code="e">Don</subfield>
    <subfield code="l">0</subfield>
    <subfield code="p">1002692</subfield>
    <subfield code="r">2025-06-13</subfield>
    <subfield code="t">ej. 1</subfield>
    <subfield code="w">2025-06-13</subfield>
    <subfield code="y">ART</subfield>
    <subfield code="k">K6</subfield>
    <subfield code="x"></subfield>
  </datafield>
</record>
